000 00577nam a2200181Ia 4500
001 65304
008 220316n ii |||gr||||Z||||||asm
082 _a891.41
100 _aSarma, Sanjeeb Kr.
245 0 _aRajanikanta Bardoloir Derasha Basoriya Janmajayanti Smarak Grantha
_cBy Edited by Sanjeeb Kr Sarma
_hTextual Documents
250 _aFirst.
260 _aAssam
_bAssam Sahitya Sabha
_c2018.
300 _a270pg:
_c23cm.
653 _aAssamese
653 _aRajanikanta Bardoloir Derasha Basoriya Janmajayanti Smarak Grantha
653 _aG-Assamese
942 _2ddc
_cBK
999 _c66404
_d66404